Normal view
MARC view
- Sup: Dr. Shoab A. Khan
Entry Personal Name
001 - CONTROL NUMBER
- control field: 34846
003 - CONTROL NUMBER IDENTIFIER
- control field: NUST
005 - DATE AND TIME OF LATEST TRANSACTION
- control field: 20201103142651.0
008 - FIXED-LENGTH DATA ELEMENTS
- fixed length control field: 201103|| aca||aabn | a|a d
040 ## - CATALOGING SOURCE
- Original cataloging agency: NUST
- Transcribing agency: NUST
100 ## - HEADING--PERSONAL NAME
- Personal name: Sup: Dr. Shoab A. Khan
670 ## - SOURCE DATA FOUND
- Source citation: Work cat.: (NUST): Rasheed, Nida 34845, Tracking and abnormal behavior detection in video surveillance using optical flow and neural networks /, 2013.
